000 01019nam a2200301 i 4500
001 13383
003 ES-MaACL
005 20260201174644.0
007 t|
008 921127s1991 sp ||||0| spa d
016 7 _zSIC92009774
020 _a84-7785-071-2
040 _aSIC
_bspa
_cSIC
080 _a860 Altolaguirre, Manuel 1.02
080 _a012 Altolaguirre, Manuel
100 1 _aMesa Toré, José A.
_980644
245 1 0 _aManuel Altolaguirre
_b: ensayo bibliográfico /
_cJosé A. Mesa Toré.
260 _a[Málaga] :
_bCentro Cultural de la Generación del 27,
_cD.L. 1991.
300 _a146 p. ;
_c22 cm.
490 1 _aBibliografías ;
_v2
600 0 _aAltolaguirre Bolín, Manuel,
_d1905-1959-
_xEdiciones
_9227332
600 0 _aAltolaguirre Bolín, Manuel,
_d1905-1959-
_vBibliografias
_9227333
710 2 _aCentro Cultural Generación del 27.
_92582
830 0 _aBibliografías ;
_v2
_9228420
852 _aES-MaACL
_jL-20719
_bR.126438
942 _2udc
999 _c13383
_d13383